000 00484nam a2200169 a 4500
001 3113
005 20140414131911.0
008 060201s19uu xx 00 eng d
020 _a0-86163-796-8
050 _aER
_bD81 1996
100 _aMcAllister, Hayden
245 _aDream time tales /
_cHayden McAllister ; illustrated by Alan Friedman and Peter Adby.
260 _aLondon :
_bAward,
_c1996.
300 _a1 v. p. : ill. ; cm.
650 _aChildren stories.
999 _c111209
_d111209